000 00564nam a2200217Ia 4500
005 20250508165126.0
008 008 250505s9999 xx 000 0 eng d
020 _a978-0--06-078941-1
037 _aTextual
040 _aFEDL
_beng
_cFEDL
041 _aeng
_2eng
084 _a294.3, LAK
_qFEDL
100 _aLakshmi Narasu
_973979
245 0 _aWhat is Buddhism ?
250 _a2
260 _aNew Delhi, India
_bSamyak Prakashan
_c2009
300 _a96p.
365 _aINR
_b100
942 _cTEXL
_h294.3, LAK
999 _c1393282
_d1393282